Fala sério, professor! (Record no. 62074)
[ view plain ]
| 000 -LÍDER | |
|---|---|
| campo de controle de tamanho fixo | 00460 a2200181 4500 |
| 001 - NÚMERO DE CONTROLE | |
| campo de controle | 62074 |
| 020 ## - ISBN - INTERNATIONAL STANDARD BOOK NUMBER | |
| ISBN - International Standard Book Number | 9788579801037 |
| 041 ## - CÓDIGO DE IDIOMA | |
| Código do idioma do texto/trilha sonora ou título diferente | por |
| 090 ## - NÚMERO DE CHAMADA LOCAL | |
| Número de chamada (OCLC) (R); Número de chamada, CALL (RLIN) (NR) | Year 6 028 |
| 040 ## - FONTE DA CATALOGAÇÃO | |
| Instituição da catalogação original | BR-BrIDEA |
| Instituição que transcreveu o registro | BR-BrIDEA |
| 100 ## - ENTRADA PRINCIPAL--NOME PESSOAL | |
| Nome pessoal | Rebouças, Thalita |
| Datas associadas ao nome | 1974 |
| 250 ## - EDIÇÃO | |
| Edição | 2. ed. |
| 245 10 - TÍTULO | |
| Título | Fala sério, professor! |
| Indicação de responsabilidade, etc. | Thalit Rebouças |
| 260 ## - PUBLICAÇÃO, DISTRIBUIÇÃO, ETC. | |
| Local de publicação, distribuição, etc. | [S.l.] |
| Nome do editor, distribuidor, etc. | Rocco Jovens Leitores |
| Data da publicação, distribuição, etc. | 2012 |
| 697 ## - ENTRADA DE ASSUNTO LOCAL--ENTIDADE COLETIVA (RLIN) | |
| Nome corporativo ou nome da jurisdição | Literatura infantojuvenil. |
| 856 ## - LOCALIZAÇÃO ELETRÔNICA E ACESSO | |
| Uniform Resource Identifier | <a href="000024/000024cd.jpg">000024/000024cd.jpg</a> |
| 942 ## - ELEMENTOS DE ENTRADA ADICIONADOS (KOHA) | |
| Tipo de material Koha | Livros |
| Situação do descarte | Situação das perdas | Situação física | Não pode ser emprestado | Biblioteca de origem | Biblioteca atual | Data de aquisição | Total de empréstimos | Código de barras | Data de último acesso | Data do preço efetivo | Tipo de material Koha | Número de chamada completo | Fonte da classificação ou esquema de arquivamento na estante | Devolução em | Data do último empréstimo |
|---|---|---|---|---|---|---|---|---|---|---|---|---|---|---|---|
| Canadian School of Niterói - Itacoatiara | Canadian School of Niterói - Itacoatiara | 09/02/2024 | A31388 | 09/02/2024 | 09/02/2024 | Livros | REB | ||||||||
| Canadian School of Niterói - Piratininga | Canadian School of Niterói - Piratininga | 09/02/2024 | 1 | A25046 | 12/06/2024 | 09/02/2024 | Livros | REB | 07/06/2024 | ||||||
| Colégio Anchieta - Pituba | Colégio Anchieta - Pituba | 21/11/2023 | 14504/PIT | 21/11/2023 | 21/11/2023 | Livros | |||||||||
| Colégio Anchieta - Pituba | Colégio Anchieta - Pituba | 21/11/2023 | 18265/PIT | 21/11/2023 | 21/11/2023 | Livros | LJ 028.5 R292f REB FAL | ||||||||
| Colégio Anchieta - Pituba | Colégio Anchieta - Pituba | 21/11/2023 | 22347/PIT | 21/11/2023 | 21/11/2023 | Livros | LJ 028.5 R292f REB FAL | ||||||||
| ECB - SUDOESTE | ECB - SUDOESTE | 18/04/2018 | 1 | 00036398SSW | 27/05/2024 | 23/01/2024 | Livros | Year 6 028 | Classificação Decimal de Dewey | 26/07/2024 | 27/05/2024 |